[Event "Copenhagen Cand op"]
[Site "Copenhagen"]
[Date "2013.04.26"]
[Round "4"]
[White "Tandrup, Michael"]
[Black "Jacobsen, Mads Holger"]
[Result "0-1"]
[WhiteElo "1977"]
[BlackElo "2050"]
[PlyCount "164"]
[EventDate "2013.04.24"]
[EventType "swiss"]
[EventRounds "9"]
[EventCountry "DEN"]
[SourceTitle "EXT 2015"]
[Source "ChessBase"]
[SourceDate "2014.11.20"]
[SourceVersion "1"]
[SourceVersionDate "2014.11.20"]
[SourceQuality "1"]

1. d4 d5 2. Nf3 Nf6 3. e3 Bf5 4. c4 c6 5. cxd5 cxd5 6. Bb5+ Bd7 7. Bd3 Nc6 8. Nc3 e6 9. 0-0 Bd6 10. e4 dxe4 11. Nxe4 Be7 12. Nc5 Bc8 13. Bg5 0-0 14. Rc1 Nb4 15. Bb1 b6 16. Nd3 Nxd3 17. Qxd3 g6 18. Ne5 Bb7 19. Nc6 Bxc6 20. Rxc6 Qd5 21. Bxf6 Bxf6 22. Rc4 Rac8 23. Rfc1 Rxc4 24. Qxc4 Qxd4 25. Qxd4 Bxd4 26. b3 Rd8 27. Kf1 Bb2 28. Re1 Bc3 29. Rc1 Bb4 30. Ke2 Rd2+ 31. Kf3 Rb2 32. Kg3 Bd6+ 33. Kf3 Bc5 34. Rf1 Bxf2 35. Rxf2 Rxb1 36. Rc2 Kg7 37. Rc7 a5 38. Rb7 Rb2 39. Rxb6 Rxa2 40. h3 a4 41. bxa4 Rxa4 42. Rb3 Kf6 43. Rc3 h5 44. g3 g5 45. Rb3 g4+ 46. hxg4 hxg4+ 47. Kf2 Kf5 48. Rc3 Ra2+ 49. Kf1 e5 50. Rc4 Rd2 51. Rc6 Kg5 52. Rc8 f6 53. Rc4 Kf5 54. Rc6 Rd3 55. Kf2 Rf3+ 56. Kg2 Ke4 57. Rc4+ Kf5 58. Rb4 Rd3 59. Kf2 Rd2+ 60. Kf1 Kg5 61. Rb8 Rd7 62. Kf2 f5 63. Rg8+ Kf6 64. Ke3 Ra7 65. Rd8 Ra6 66. Rh8 Ra3+ 67. Kf2 Ke6 68. Rd8 Ra2+ 69. Kf1 Ra7 70. Kf2 Rd7 71. Rf8 Rf7 72. Rd8 f4 73. Rg8 Kf5 74. gxf4 exf4 75. Ra8 Rf6 76. Ra7 Rb6 77. Rf7+ Kg5 78. Rg7+ Kh5 79. Rh7+ Kg6 80. Rc7 Rb2+ 81. Kf1 Kg5 82. Rh7 f3 0-1

[Event "DEN-chB"]
[Site "Helsingor"]
[Date "2013.03.29"]
[Round "4"]
[White "Jacobsen, Mads Holger"]
[Black "Ostergaard, Jens"]
[Result "0-1"]
[WhiteElo "2026"]
[BlackElo "2273"]
[PlyCount "67"]
[EventDate "2013.03.26"]
[EventType "swiss"]
[EventRounds "7"]
[EventCountry "DEN"]
[SourceTitle "EXT 2014"]
[Source "ChessBase"]
[SourceDate "2013.11.20"]
[SourceVersion "1"]
[SourceVersionDate "2013.11.20"]
[SourceQuality "1"]

1. c4 Nf6 2. g3 c5 3. Bg2 Nc6 4. Nc3 g6 5. a3 Bg7 6. Rb1 a5 7. Nf3 d6 8. 0-0 0-0 9. d3 Bd7 10. Ne1 Qc8 11. b3 Bh3 12. Nc2 Rd8 13. Be3 Bxg2 14. Kxg2 e6 15. f3 b6 16. b4 axb4 17. axb4 d5 18. cxd5 Nxb4 19. dxe6 Qxe6 20. Bf2 Nfd5 21. Nb5 Ra2 22. Nxb4 cxb4 23. Re1 Nc3 24. Nxc3 Bxc3 25. e4 Bxe1 26. Qxe1 Rxd3 27. Qxb4 Rdd2 28. Rf1 Qd6 29. Qc3 Rac2 30. Qa1 Qc5 31. Qa8+ Kg7 32. Qa1+ f6 33. Qe1 Re2 34. Kg1 0-1

[Event "DEN-chB"]
[Site "Helsingor"]
[Date "2013.03.26"]
[Round "1"]
[White "Matthiesen, Martin"]
[Black "Jacobsen, Mads Holger"]
[Result "1-0"]
[WhiteElo "2271"]
[BlackElo "2026"]
[PlyCount "55"]
[EventDate "2013.03.26"]
[EventType "swiss"]
[EventRounds "7"]
[EventCountry "DEN"]
[SourceTitle "EXT 2014"]
[Source "ChessBase"]
[SourceDate "2013.11.20"]
[SourceVersion "1"]
[SourceVersionDate "2013.11.20"]
[SourceQuality "1"]

1. d4 d5 2. c4 c6 3. Nf3 Nf6 4. Nc3 a6 5. e3 e6 6. c5 Nbd7 7. Qc2 b6 8. cxb6 Qxb6 9. Na4 Qc7 10. Bd2 Bd6 11. Rc1 Bb7 12. Bd3 0-0 13. b4 Rfc8 14. 0-0 a5 15. bxa5 Qd8 16. Rb1 Ba6 17. Bxa6 Rxa6 18. Nb6 Rc7 19. Rfc1 Ne4 20. Be1 c5 21. dxc5 Ndxc5 22. Qe2 Rca7 23. Nd4 Bc7 24. f3 Qd6 25. g3 Rxa5 26. Nc8 Qf8 27. Nxa7 Rxa7 28. fxe4 1-0

[Event "Copenhagen Bronshoj op"]
[Site "Copenhagen"]
[Date "2013.02.09"]
[Round "2"]
[White "Jacobsen, Mads Holger"]
[Black "Petersen, Peter Birk"]
[Result "1/2-1/2"]
[WhiteElo "2010"]
[BlackElo "2152"]
[PlyCount "69"]
[EventDate "2013.02.08"]
[EventType "swiss"]
[EventRounds "7"]
[EventCountry "DEN"]
[SourceTitle "CBM 152 Extra"]
[Source "ChessBase"]
[SourceDate "2013.02.25"]
[SourceVersion "1"]
[SourceVersionDate "2013.02.25"]
[SourceQuality "1"]

1. c4 e5 2. g3 g6 3. Bg2 Bg7 4. Nc3 d6 5. e4 Nc6 6. Nge2 f5 7. d3 Nf6 8. 0-0 0-0 9. Nd5 Ne7 10. Nxf6+ Bxf6 11. Be3 Nc6 12. exf5 Bxf5 13. d4 Bg4 14. d5 Ne7 15. h3 Bxe2 16. Qxe2 Nf5 17. h4 b6 18. Rae1 Qe7 19. Qg4 Nxe3 20. Rxe3 Bg7 21. Be4 Rf6 22. Kg2 Raf8 23. Qe2 Bh6 24. Ra3 a5 25. h5 Kg7 26. hxg6 hxg6 27. Qg4 Bd2 28. Rd3 Bb4 29. f3 Rh8 30. Rdd1 Qe8 31. b3 Bc5 32. Rh1 Rff8 33. Qg5 Qf7 34. Rxh8 Rxh8 35. Rh1 1/2-1/2

[Event "Borup op 6th"]
[Site "Borup"]
[Date "2012.09.16"]
[Round "4"]
[White "Hansen, Erik Levin"]
[Black "Jacobsen, Mads Holger"]
[Result "1-0"]
[WhiteElo "1753"]
[BlackElo "2046"]
[PlyCount "81"]
[EventDate "2012.09.14"]
[EventType "swiss"]
[EventRounds "9"]
[EventCountry "DEN"]
[SourceTitle "CBM 150 Extra"]
[Source "ChessBase"]
[SourceDate "2012.10.19"]
[SourceVersion "1"]
[SourceVersionDate "2012.10.19"]
[SourceQuality "1"]

1. e4 c5 2. Nf3 e6 3. d4 cxd4 4. Nxd4 Nc6 5. Nc3 Qc7 6. f4 a6 7. Be3 d6 8. Qd2 Nf6 9. Be2 Be7 10. 0-0-0 0-0 11. g4 Nxd4 12. Bxd4 e5 13. Be3 Bxg4 14. Bxg4 Nxg4 15. Nd5 Qd8 16. Bb6 Qd7 17. Rhg1 f5 18. exf5 Nh6 19. Nxe7+ Qxe7 20. fxe5 Nxf5 21. exd6 Qd7 22. Qd5+ Kh8 23. Bd4 Rac8 24. Rdf1 Nxd4 25. Rxf8+ Rxf8 26. Qxd4 Rf6 27. Rd1 h6 28. b3 Rg6 29. a4 Rg2 30. Qf4 Qc8 31. Rd2 Rxd2 32. Qxd2 Kg8 33. Qd5+ Kf8 34. d7 Qd8 35. Qxb7 Ke7 36. Qc8 a5 37. Qxd8+ Kxd8 38. Kd2 Kxd7 39. Ke3 Kd6 40. Kd4 g5 41. c3 1-0

[Event "Borup op 6th"]
[Site "Borup"]
[Date "2012.09.15"]
[Round "2"]
[White "Hubka, Roland"]
[Black "Jacobsen, Mads Holger"]
[Result "1-0"]
[WhiteElo "2000"]
[BlackElo "2046"]
[PlyCount "115"]
[EventDate "2012.09.14"]
[EventType "swiss"]
[EventRounds "9"]
[EventCountry "DEN"]
[SourceTitle "CBM 150 Extra"]
[Source "ChessBase"]
[SourceDate "2012.10.19"]
[SourceVersion "1"]
[SourceVersionDate "2012.10.19"]
[SourceQuality "1"]

1. c4 e5 2. Nc3 d6 3. g3 f5 4. Bg2 Nf6 5. d3 Be7 6. Nf3 0-0 7. 0-0 c6 8. Qc2 Qe8 9. e3 Qh5 10. a3 g5 11. b4 f4 12. exf4 gxf4 13. gxf4 Kh8 14. Ne2 exf4 15. Nxf4 Qg4 16. h3 Qg7 17. Bb2 Qh6 18. Qd2 Bf5 19. Rad1 Nbd7 20. Ne2 Qg7 21. Ng3 Bg6 22. Rfe1 c5 23. Ng5 Rfe8 24. f4 Rab8 25. Re3 Bd8 26. Rde1 Rxe3 27. Rxe3 cxb4 28. axb4 Bb6 29. d4 d5 30. c5 Bd8 31. Ne6 Qg8 32. f5 Bf7 33. b5 Nf8 34. Nxd8 Rxd8 35. Qa5 Re8 36. Rxe8 Bxe8 37. Kh2 Qg7 38. b6 a6 39. Qe1 h5 40. Bxd5 h4 41. Nf1 Bb5 42. Qxh4+ N8h7 43. Bg2 Qf7 44. d5 Kg8 45. Qg3+ Kf8 46. Qb8+ Kg7 47. Ne3 Qe7 48. Ng4 Kf7 49. Nxf6 Nxf6 50. Bxf6 Kxf6 51. Qh8+ Kxf5 52. Qh5+ Kf4 53. d6 Qe1 54. Qg4+ Ke5 55. d7 Qd2 56. Qe4+ Kf6 57. d8Q+ Qxd8 58. Qh4+ 1-0

[Event "Copenhagen Bronshoj op"]
[Site "Copenhagen"]
[Date "2012.02.13"]
[Round "6"]
[White "Borbjerggaard, Lars"]
[Black "Jacobsen, Mads Holger"]
[Result "1-0"]
[WhiteElo "2339"]
[BlackElo "1949"]
[PlyCount "63"]
[EventDate "2012.02.10"]
[EventType "swiss"]
[EventRounds "7"]
[EventCountry "DEN"]
[SourceTitle "EXT 2015"]
[Source "ChessBase"]
[SourceDate "2014.11.20"]
[SourceVersion "1"]
[SourceVersionDate "2014.11.20"]
[SourceQuality "1"]

1. d4 d5 2. c4 c6 3. Nf3 Nf6 4. e3 a6 5. Qc2 e6 6. b3 Bd6 7. Nbd2 Nbd7 8. Be2 0-0 9. Bb2 Re8 10. Ne5 Nf8 11. 0-0-0 Qe7 12. Kb1 Bc7 13. g4 N6d7 14. f4 f6 15. Nd3 Bb8 16. Bf3 dxc4 17. Nxc4 Qd8 18. Rhg1 Nb6 19. Nxb6 Qxb6 20. g5 f5 21. h4 Bd7 22. Qc3 Re7 23. h5 Bc7 24. h6 Ng6 25. Ba3 Rf7 26. Bh5 Be8 27. Rd2 Rd8 28. Bxg6 hxg6 29. Rh1 Bd6 30. Bxd6 Rxd6 31. Ne5 Re7 32. Rdh2 1-0

[Event "Copenhagen Bronshoj op"]
[Site "Copenhagen"]
[Date "2012.02.12"]
[Round "5"]
[White "Reinecker, Kai"]
[Black "Jacobsen, Mads Holger"]
[Result "0-1"]
[WhiteElo "2279"]
[BlackElo "1949"]
[PlyCount "70"]
[EventDate "2012.02.10"]
[EventType "swiss"]
[EventRounds "7"]
[EventCountry "DEN"]
[SourceTitle "EXT 2015"]
[Source "ChessBase"]
[SourceDate "2014.11.20"]
[SourceVersion "1"]
[SourceVersionDate "2014.11.20"]
[SourceQuality "1"]

1. e4 c5 2. Nc3 e6 3. Nf3 Nc6 4. d4 cxd4 5. Nxd4 Qc7 6. Ndb5 Qb8 7. Be3 a6 8. Nd4 Qc7 9. Be2 Nf6 10. 0-0 Bb4 11. f3 d5 12. exd5 exd5 13. Nxc6 bxc6 14. Qd4 Bd6 15. Qh4 Rb8 16. Bd3 Rb4 17. f4 Be7 18. a3 Rb8 19. Bd4 h6 20. Kh1 Ng4 21. Rae1 Kd8 22. Qg3 h5 23. Bxg7 h4 24. Qf3 Rg8 25. Be5 Nxe5 26. fxe5 Be6 27. Bf5 Rg5 28. Qd3 Rxb2 29. h3 a5 30. Na4 Ra2 31. Bxe6 fxe6 32. Qa6 Rxc2 33. Nb6 Ke8 34. Re2 Rxe2 35. Qa8+ Bd8 0-1

[Event "Copenhagen Bronshoj op"]
[Site "Copenhagen"]
[Date "2012.02.11"]
[Round "3"]
[White "Harestad, Hans Krogh"]
[Black "Jacobsen, Mads Holger"]
[Result "1/2-1/2"]
[WhiteElo "2265"]
[BlackElo "1949"]
[PlyCount "72"]
[EventDate "2012.02.10"]
[EventType "swiss"]
[EventRounds "7"]
[EventCountry "DEN"]
[SourceTitle "EXT 2015"]
[Source "ChessBase"]
[SourceDate "2014.11.20"]
[SourceVersion "1"]
[SourceVersionDate "2014.11.20"]
[SourceQuality "1"]

1. d4 d5 2. c4 c6 3. Nf3 Nf6 4. Qc2 dxc4 5. Qxc4 Bf5 6. g3 e6 7. Bg2 Nbd7 8. 0-0 Be7 9. Nc3 0-0 10. Re1 Ne4 11. Nh4 Nd6 12. Qb3 Bxh4 13. gxh4 Qxh4 14. e4 Bh3 15. Bxh3 Qxh3 16. Re3 Qh4 17. Rg3 h6 18. Qb4 c5 19. Qa4 Nb6 20. Qa5 cxd4 21. Qe5 g6 22. Qxd6 dxc3 23. Qe5 Rfd8 24. Rxc3 Rac8 25. Rxc8 Rxc8 26. Qf4 Qxf4 27. Bxf4 Rc4 28. f3 g5 29. Be3 Rc2 30. b3 Kg7 31. a4 Kg6 32. a5 Nc8 33. b4 Rc3 34. Kf2 Rc2+ 35. Kg1 Rc3 36. Kf2 Rc2+ 1/2-1/2

[Event "Wch U14"]
[Site "Kemer"]
[Date "2009.11.13"]
[Round "3"]
[White "Sai, Krishna GV"]
[Black "Jacobsen, Mads Holger"]
[Result "1-0"]
[WhiteElo "2225"]
[BlackElo "1914"]
[PlyCount "49"]
[EventDate "2009.11.12"]
[EventType "swiss"]
[EventRounds "11"]
[EventCountry "TUR"]
[SourceTitle "EXT 2010"]
[Source "ChessBase"]
[SourceDate "2010.11.25"]
[SourceVersion "1"]
[SourceVersionDate "2010.11.25"]
[SourceQuality "1"]

1. e4 c5 2. Nf3 e6 3. d4 cxd4 4. Nxd4 Nc6 5. Nc3 Qc7 6. Be3 a6 7. Be2 Nf6 8. 0-0 Be7 9. f4 d6 10. Qe1 h5 11. Qg3 Kf8 12. a4 h4 13. Qf2 Bd7 14. Rae1 g6 15. e5 Nh5 16. Rd1 d5 17. g4 hxg3 18. hxg3 Rc8 19. g4 Nxd4 20. Bxd4 Ng7 21. Kg2 Bc5 22. Rh1 Rxh1 23. Rxh1 Bxd4 24. Rh8+ Ke7 25. Qh4+ 1-0

[Event "Wch U14"]
[Site "Kemer"]
[Date "2009.11.12"]
[Round "1"]
[White "Dragun, Kamil"]
[Black "Jacobsen, Mads Holger"]
[Result "1-0"]
[WhiteElo "2284"]
[BlackElo "1914"]
[PlyCount "95"]
[EventDate "2009.11.12"]
[EventType "swiss"]
[EventRounds "11"]
[EventCountry "TUR"]
[SourceTitle "EXT 2010"]
[Source "ChessBase"]
[SourceDate "2010.11.25"]
[SourceVersion "1"]
[SourceVersionDate "2010.11.25"]
[SourceQuality "1"]

1. e4 c5 2. Nf3 e6 3. d4 cxd4 4. Nxd4 Nc6 5. Nc3 Qc7 6. Be2 a6 7. 0-0 Nf6 8. Be3 Bb4 9. Na4 b5 10. Nxc6 Qxc6 11. Nb6 Rb8 12. e5 Rxb6 13. Bxb6 Qxb6 14. exf6 gxf6 15. a4 bxa4 16. Rxa4 Bb7 17. Bf3 Rg8 18. c3 Be7 19. Qd3 f5 20. Rd1 d5 21. c4 Bc6 22. Raa1 dxc4 23. Qxc4 Bb7 24. Rac1 Kf8 25. Bxb7 Qxb7 26. Qc8+ Qxc8 27. Rxc8+ Kg7 28. Rxg8+ Kxg8 29. Ra1 Bf6 30. Ra2 a5 31. Kf1 Bd8 32. b3 Kf8 33. Ke2 Ke7 34. Kd3 e5 35. Kc4 Ke6 36. Rd2 Be7 37. Rd5 Bb4 38. Rd8 Kf6 39. f3 Kg6 40. Rg8+ Kf6 41. Kd5 Bc3 42. Rc8 Bd4 43. f4 Be3 44. fxe5+ Kg7 45. Rd8 Bd2 46. Rd6 h5 47. g3 h4 48. gxh4 1-0

[Event "Copenhagen Challenge"]
[Site "Ballerup"]
[Date "2009.05.10"]
[Round "9"]
[White "Christensen, Casper"]
[Black "Jacobsen, Mads Holger"]
[Result "1/2-1/2"]
[WhiteElo "1793"]
[BlackElo "1830"]
[PlyCount "42"]
[EventDate "2009.05.06"]
[EventType "swiss"]
[EventRounds "9"]
[EventCountry "DEN"]
[SourceTitle "CBM 130 Extra"]
[Source "ChessBase"]
[SourceDate "2009.07.02"]
[SourceVersion "2"]
[SourceVersionDate "2009.07.15"]
[SourceQuality "1"]

1. e4 c5 2. Nf3 e6 3. d4 cxd4 4. Nxd4 Nc6 5. Nc3 a6 6. Be2 Qc7 7. 0-0 Bb4 8. Kh1 Nf6 9. Bg5 Bxc3 10. bxc3 b6 11. Bxf6 gxf6 12. Nxc6 Qxc6 13. Qd4 e5 14. Qd5 Qxd5 15. exd5 d6 16. Rab1 Rb8 17. f3 Kd8 18. Bd3 f5 19. Rb4 f4 20. Rfb1 Kc7 21. Rc4+ Kd7 1/2-1/2

[Event "Copenhagen Challenge"]
[Site "Ballerup"]
[Date "2009.05.09"]
[Round "7"]
[White "Knudsen, Jes West"]
[Black "Jacobsen, Mads Holger"]
[Result "1/2-1/2"]
[WhiteElo "2019"]
[BlackElo "1830"]
[PlyCount "80"]
[EventDate "2009.05.06"]
[EventType "swiss"]
[EventRounds "9"]
[EventCountry "DEN"]
[SourceTitle "CBM 130 Extra"]
[Source "ChessBase"]
[SourceDate "2009.07.02"]
[SourceVersion "2"]
[SourceVersionDate "2009.07.15"]
[SourceQuality "1"]

1. e4 c5 2. b4 cxb4 3. Bb2 Nf6 4. e5 Nd5 5. c4 bxc3 6. Nxc3 Nxc3 7. Bxc3 e6 8. Nf3 Nc6 9. Be2 Bb4 10. Bxb4 Nxb4 11. Qa4 Nc6 12. Qg4 0-0 13. 0-0 d6 14. d4 b6 15. Qh5 f5 16. Rac1 Ne7 17. Rfd1 Nd5 18. Ng5 h6 19. Nh3 Kh7 20. f4 g6 21. Qf3 Bb7 22. Qa3 dxe5 23. dxe5 Rf7 24. Rc4 Qe7 25. Ra4 Qxa3 26. Rxa3 Rc7 27. Bf3 a5 28. Rb3 a4 29. Rb2 Rac8 30. Kf2 Rc2+ 31. Rd2 Rxd2+ 32. Rxd2 b5 33. Ng1 b4 34. Ne2 g5 35. g3 g4 36. Bg2 Rc5 37. Nd4 Bc8 38. Nxf5 Nxf4 39. gxf4 exf5 40. Bd5 Kg7 1/2-1/2

[Event "Copenhagen Challenge"]
[Site "Ballerup"]
[Date "2009.05.08"]
[Round "4"]
[White "Akdag, Dara Sevkan"]
[Black "Jacobsen, Mads Holger"]
[Result "1-0"]
[WhiteElo "2199"]
[BlackElo "1830"]
[PlyCount "67"]
[EventDate "2009.05.06"]
[EventType "swiss"]
[EventRounds "9"]
[EventCountry "DEN"]
[SourceTitle "CBM 130 Extra"]
[Source "ChessBase"]
[SourceDate "2009.07.02"]
[SourceVersion "2"]
[SourceVersionDate "2009.07.15"]
[SourceQuality "1"]

1. Nf3 d5 2. c4 c6 3. Nc3 Nf6 4. d4 dxc4 5. a4 a5 6. Ne5 Bf5 7. g3 e6 8. Bg2 Bb4 9. 0-0 0-0 10. Nxc4 Na6 11. e3 Qe7 12. Qe2 Rad8 13. e4 Bg6 14. e5 Nd5 15. Ne4 Bxe4 16. Bxe4 c5 17. Qh5 f5 18. Bg5 Qd7 19. Bxd8 Rxd8 20. Bxd5 Qxd5 21. Nd6 Rf8 22. dxc5 Nxc5 23. Qe2 Nb3 24. Rad1 Nd4 25. Rxd4 Qxd4 26. Rd1 Qc5 27. Nxb7 Qc6 28. Qb5 Qxb5 29. axb5 Rf7 30. Rd8+ Rf8 31. b6 Rxd8 32. Nxd8 Bc5 33. b7 Ba7 34. Nc6 1-0

[Event "Amager CC-ch"]
[Site "Amager"]
[Date "2009.03.31"]
[Round "8"]
[White "Jacobsen, Mads Holger"]
[Black "Nielsen, Mogens Bach"]
[Result "1/2-1/2"]
[WhiteElo "1791"]
[BlackElo "1755"]
[PlyCount "53"]
[EventDate "2009.01.20"]
[EventType "swiss"]
[EventRounds "9"]
[EventCountry "DEN"]
[SourceTitle "EXT 2023"]
[Source "ChessBase"]
[SourceDate "2022.10.05"]
[SourceVersion "1"]
[SourceVersionDate "2022.10.05"]
[SourceQuality "1"]

1. d4 d5 2. c4 c6 3. Nf3 Nf6 4. Qc2 g6 5. Bg5 Bg7 6. e3 Na6 7. Nc3 0-0 8. cxd5 Nb4 9. Qb3 Nbxd5 10. Bd3 Qb6 11. Qxb6 axb6 12. Kd2 Nxc3 13. bxc3 b5 14. a3 Be6 15. Kc2 h6 16. Bxf6 Bxf6 17. e4 Rfd8 18. e5 Bg7 19. h3 Bd5 20. Rhe1 Ra4 21. Kb2 e6 22. Bc2 Ra7 23. a4 bxa4 24. Rxa4 Rxa4 25. Bxa4 Ra8 26. Bb3 Bxf3 27. gxf3 1/2-1/2

[Event "Amager CC-ch"]
[Site "Amager"]
[Date "2009.03.03"]
[Round "3"]
[White "Jacobsen, Mads Holger"]
[Black "Petersen, Nils"]
[Result "1-0"]
[WhiteElo "1791"]
[BlackElo "2032"]
[PlyCount "91"]
[EventDate "2009.01.20"]
[EventType "swiss"]
[EventRounds "9"]
[EventCountry "DEN"]
[SourceTitle "EXT 2023"]
[Source "ChessBase"]
[SourceDate "2022.10.05"]
[SourceVersion "1"]
[SourceVersionDate "2022.10.05"]
[SourceQuality "1"]

1. d4 Nf6 2. c4 e6 3. Nc3 Bb4 4. Qc2 c5 5. dxc5 Nc6 6. Nf3 0-0 7. a3 Bxc5 8. Bg5 Be7 9. e3 h6 10. Bh4 Nh5 11. Bxe7 Qxe7 12. Be2 f5 13. g3 g5 14. 0-0-0 Nf6 15. h4 g4 16. Ne1 b6 17. Ng2 Bb7 18. Nf4 Ne5 19. Rhe1 Rfc8 20. Rd4 Ne4 21. Nxe4 Bxe4 22. Qc3 Nc6 23. Rd2 d5 24. Kd1 Na5 25. Qe5 Nxc4 26. Bxc4 Rxc4 27. Ng6 Bf3+ 28. Ree2 Qg7 29. Qxe6+ Kh7 30. Ne5 Bxe2+ 31. Kxe2 Re4 32. Qxf5+ Kg8 33. Qe6+ Kh7 34. Qxd5 Rxe5 35. Qxa8 Qf7 36. Qc6 Re7 37. Qd5 Qf6 38. Qd3+ Kg8 39. Qc4+ Kh7 40. Qxg4 Qe5 41. Qf3 Qb5+ 42. Ke1 Qc5 43. Qd1 Qa5 44. Qc2+ Kg8 45. b4 Qxa3 46. Qg6+ 1-0

[Event "EU-ch U12 18th"]
[Site "Herceg Novi"]
[Date "2008.09.21"]
[Round "6"]
[White "Jacobsen, Mads Holger"]
[Black "Petrov, Nikita"]
[Result "1/2-1/2"]
[WhiteElo "1831"]
[BlackElo "2098"]
[PlyCount "39"]
[EventDate "2008.09.15"]
[EventType "swiss"]
[EventRounds "9"]
[EventCountry "MNE"]
[SourceTitle "CBM 126 Extra"]
[Source "ChessBase"]
[SourceDate "2008.11.05"]
[SourceVersion "1"]
[SourceVersionDate "2008.11.05"]
[SourceQuality "1"]

1. d4 Nf6 2. c4 g6 3. Nc3 Bg7 4. e4 d6 5. f4 0-0 6. Nf3 c5 7. d5 e6 8. Be2 exd5 9. cxd5 Re8 10. e5 dxe5 11. fxe5 Ng4 12. Bg5 Qb6 13. 0-0 Nxe5 14. Nxe5 Bxe5 15. Bc4 Qxb2 16. d6 Rf8 17. Bxf7+ Rxf7 18. Qd5 Bd4+ 19. Kh1 Bf5 20. Rab1 1/2-1/2

[Event "Arctic Chess Challenge"]
[Site "Tromsoe"]
[Date "2008.08.02"]
[Round "1"]
[White "Hanssen, Gunnar Berg"]
[Black "Jacobsen, Mads Holger"]
[Result "1-0"]
[WhiteElo "2232"]
[BlackElo "1831"]
[PlyCount "77"]
[EventDate "2008.08.02"]
[EventType "swiss"]
[EventRounds "9"]
[EventCountry "NOR"]
[SourceTitle "CBM 125 Extra"]
[Source "ChessBase"]
[SourceDate "2008.09.01"]
[SourceVersion "1"]
[SourceVersionDate "2008.09.01"]
[SourceQuality "1"]

1. Nf3 Nf6 2. c4 c6 3. d4 d5 4. Nc3 a6 5. e3 Bf5 6. Be2 e6 7. Nh4 Bg6 8. Nxg6 hxg6 9. 0-0 Nbd7 10. b3 b5 11. Bb2 Nb6 12. Rc1 b4 13. Nb1 c5 14. Nd2 Nbd7 15. Bf3 Rc8 16. g3 Qa5 17. Qe2 Qxa2 18. Rc2 Qa5 19. Ra1 Qc7 20. Rxa6 cxd4 21. exd4 Be7 22. Rc1 Qb7 23. Rca1 0-0 24. c5 Bxc5 25. dxc5 Rxc5 26. Bd4 Rc2 27. Qd1 Rc6 28. Rxc6 Qxc6 29. Rc1 Qd6 30. Bb2 Qe7 31. Qe2 Ra8 32. Nc4 Ra2 33. Bxf6 Qxf6 34. Qxa2 dxc4 35. Qa8+ Kh7 36. Rxc4 g5 37. Qe4+ g6 38. Qd4 Ne5 39. Be2 1-0